• 首页
  • 本馆介绍
  • 公告通知
  • 最新文献
  • 馆藏检索
  • 电子资源
  • 读者导购
  • 参考咨询
  • 我的图书馆
  • 登录
  • 详细信息显示
  • 放入我的书架
  • 预约/预借图书
  • 作者相关作品
  • 分类相关作品
  • 丛书相关作品
  • 出版社相关作品

书目信息

  • 表格格式
  • 工作单格式
  • 卡片格式
题名:
中国城市减灾与可持续发展战略
    
 
作者: 金磊 主编
分册:  
出版信息: 南宁   广西科学技术出版社  2000.04
页数: 710页
开本: 20cm
丛书名:
单 册:
中图分类: X22
科图分类:
主题词: 环境--综合研究
电子资源:
ISBN: 7-80619-887-3
000 00601nam0 2200193 45
001 0104050981
005 20031219104049.3
010    @a7-80619-887-3@b精装@dCNY58.00
100    @a20010405d2000 km y0chiy0120 ea
101 0  @achi
105    @a z 000yy
200 1  @a中国城市减灾与可持续发展战略@AZhong Guo Cheng Shi Jian Zai Yu Ke Chi Xu Fa Zhan Zhan Lue@f金磊主编@FJin Lei Zhu Bian
210    @a南宁@c广西科学技术出版社@d2000.04
215    @a710页@d20cm
606 0  @a环境@x综合研究
690    @aX22@v1
701  0 @a金磊@4主编
801    @aCN@bTSTC@c20010514
905    @a213230@f4@b296289-292@dX22@e10
    
    中国城市减灾与可持续发展战略/金磊主编.-南宁:广西科学技术出版社,2000.04
    710页;20cm
    
    
    ISBN 7-80619-887-3(精装):CNY58.00
    
●
相关链接 在E读中查询图书 在五车中查询图书 在当当中查询图书 在豆瓣中查询图书


正题名:中国城市减灾与可持续发展战略     索取号:X22/10         预约/预借

序号 登录号 条形码 馆藏地/架位号 状态 备注
1 0296289   002962896   第三借阅区/ [索取号:X22/10] 在馆    
2 0296290   002962903   第三借阅区/ [索取号:X22/10] 在馆    
3 0296291   002962912   第三借阅区/ [索取号:X22/10] 在馆    
4 0296292   002962921   第二样本阅览室/ [索取号:X22/10] 在馆    
唐山师范学院图书馆 欢迎您!
大连网信软件有限公司© 版权所有